Идея прогресса в буржуазной философии истории = (Record no. 105496)
[ view plain ]
| 000 -LEADER | |
|---|---|
| fixed length control field | 01121nam a2200217 a 4500 |
| 001 - CONTROL NUMBER | |
| control field | 000288150 |
| 003 - CONTROL NUMBER IDENTIFIER | |
| control field | AM-YeHGA |
| 005 - DATE AND TIME OF LATEST TRANSACTION | |
| control field | 20250618071901.0 |
| 008 - FIXED-LENGTH DATA ELEMENTS--GENERAL INFORMATION | |
| fixed length control field | 031126s1965 ai r 000 0 rus d |
| 040 ## - CATALOGING SOURCE | |
| Original cataloging agency | AM-YeHGA |
| 041 0# - LANGUAGE CODE | |
| Language code of text/sound track or separate title | rus |
| 090 ## - LOCALLY ASSIGNED LC-TYPE CALL NUMBER (OCLC); LOCAL CALL NUMBER (RLIN) | |
| -- | 106820 |
| 100 1# - MAIN ENTRY--PERSONAL NAME | |
| Personal name | Ասլանյան, Հայկազ Գաբրիելի, |
| Dates associated with a name | 1903-1980 |
| 9 (RLIN) | 2185 |
| 245 10 - TITLE STATEMENT | |
| Title | Идея прогресса в буржуазной философии истории = |
| Remainder of title | Առաջադիմության գաղափարը բուրժուական պատմափիլիսոփայության մեջ / |
| Statement of responsibility, etc. | Г.Асланян; АН АрмССР, Сектор философии и права. |
| 246 31 - VARYING FORM OF TITLE | |
| Title proper/short title | Առաջադիմության գաղափարը բուրժուական պատմափիլիսոփայության մեջ |
| 260 ## - PUBLICATION, DISTRIBUTION, ETC. | |
| Place of publication, distribution, etc. | Ереван : |
| Name of publisher, distributor, etc. | Изд-во АН АрмССР, |
| Date of publication, distribution, etc. | 1965. |
| 300 ## - PHYSICAL DESCRIPTION | |
| Extent | 396 с. ; |
| Dimensions | 23 см. |
| 504 ## - BIBLIOGRAPHY, ETC. NOTE | |
| Bibliography, etc. note | Библиогр. в подстроч. примеч. |
| 650 14 - SUBJECT ADDED ENTRY--TOPICAL TERM | |
| Topical term or geographic name entry element | Философия буржуазная |
| 710 2# - ADDED ENTRY--CORPORATE NAME | |
| Corporate name or jurisdiction name as entry element | Академия наук Армянской ССР, Сектор философии и права |
| Withdrawn status | Lost status | Damaged status | Not for loan | Collection | Home library | Current library | Date acquired | Total checkouts | Full call number | Barcode | Date last seen | Price effective from | Koha item type | Public note | Source of classification or shelving scheme |
|---|---|---|---|---|---|---|---|---|---|---|---|---|---|---|---|
| General | Fundamental Scientific Library | Fundamental Scientific Library | 22/12/2016 | Р2/653392 | FL0054679 | 22/12/2016 | 22/12/2016 | Գրքեր / Books | 30 Days Loan | ||||||
| Hovhannisian Individual Collection | Fundamental Scientific Library | Fundamental Scientific Library | 11/07/2017 | Иоан/639 | FL0447471 | 11/07/2017 | 11/07/2017 | Գրքեր / Books | ILL Non-Circ. | Universal Decimal Classification |
ՀՀ Գիտությունների ազգային ակադեմիայի հիմնարար գիտական գրադարան = Fundamental Scientific Library of NAS RA
All site content, except where otherwise noted, is licensed under a